| 000 | 00673nam a2200193Ia 4500 | ||
|---|---|---|---|
| 008 | 151121s9999||||xx |||||||||||||| ||und|| | ||
| 082 | _a811।07/कंगले | ||
| 082 | _bHNW-35762 | ||
| 100 | _aकंगले र। प। | ||
| 245 | _aप्राचीन काव्यशास्त्र | ||
| 260 | _b"मौज प्रकाशन , मुंबई।" | ||
| 260 | _c-- | ||
| 300 | _a168 | ||
| 600 | _aकंगले र। प। | ||
| 630 | _aप्राचीन काव्यशास्त्र | ||
| 700 | _aकंगले र। प। | ||
| 730 | _aप्राचीन काव्यशास्त्र | ||
| 942 | _cBOOK | ||
| 999 |
_c1228082 _d1228079 |
||